[Event "Fagernes op"]
[Site "Fagernes"]
[Date "2024.03.26"]
[Round "3"]
[White "Hedman, Erik"]
[Black "Koelle, Tobias"]
[Result "0-1"]
[WhiteElo "2311"]
[BlackElo "2460"]
[PlyCount "100"]
[EventDate "2024.03.24"]
[EventType "swiss"]
[EventRounds "9"]
[EventCountry "NOR"]
[SourceTitle "CB14_2024"]
[SourceDate "2024.04.01"]
[SourceVersion "1"]
[SourceVersionDate "2024.04.01"]
[SourceQuality "1"]

1. e4 c5 2. Nf3 d6 3. Bb5+ Nd7 4. c4 Ngf6 5. Nc3 g6 6. d3 Bg7 7. h3 0-0 8. Ba4 Nb8 9. Rb1 Nc6 10. Be3 Nd7 11. Bxc6 bxc6 12. Qd2 e5 13. h4 f5 14. Bg5 Qe8 15. h5 f4 16. hxg6 Qxg6 17. Ke2 Rf7 18. g3 fxg3 19. Rbg1 gxf2 20. Kxf2 Nf8 21. Rg3 h5 22. Kg2 Bg4 23. Nh4 Qe6 24. Nd1 Ng6 25. Nxg6 Qxg6 26. Nf2 Raf8 27. Nxg4 hxg4 28. Rxg4 d5 29. Rg3 dxe4 30. Bh6 Qf5 31. Bxg7 Rxg7 32. Rxg7+ Kxg7 33. Qh6+ Kf7 34. Qh7+ Qxh7 35. Rxh7+ Kg6 36. Rh3 Rd8 37. dxe4 Rd2+ 38. Kf1 Rxb2 39. Ra3 Kg5 40. Rf3 Rxa2 41. Rf5+ Kg4 42. Rxe5 Kf3 43. Rf5+ Kxe4 44. Rxc5 Ra6 45. Rh5 Kd3 46. c5 Ra1+ 47. Kf2 Rc1 48. Rh3+ Kd4 49. Ra3 Rxc5 50. Rxa7 Re5 0-1

[Event "Fagernes op"]
[Site "Fagernes"]
[Date "2024.03.25"]
[Round "2"]
[White "Thangavel, Gokul"]
[Black "Hedman, Erik"]
[Result "0-1"]
[WhiteElo "1990"]
[BlackElo "2311"]
[PlyCount "116"]
[EventDate "2024.03.24"]
[EventType "swiss"]
[EventRounds "9"]
[EventCountry "NOR"]
[SourceTitle "CB14_2024"]
[SourceDate "2024.04.01"]
[SourceVersion "1"]
[SourceVersionDate "2024.04.01"]
[SourceQuality "1"]

1. d4 Nf6 2. c4 e6 3. Nc3 Bb4 4. Nf3 0-0 5. e3 d5 6. Bd3 dxc4 7. Bxc4 c5 8. 0-0 cxd4 9. exd4 b6 10. Bg5 h6 11. Bh4 Bb7 12. Ne5 Nbd7 13. Qe2 Nxe5 14. dxe5 Qd4 15. Bg3 Bxc3 16. bxc3 Qe4 17. f3 Qxe2 18. Bxe2 Nd5 19. c4 Nc3 20. Rf2 Rfc8 21. Bf1 Ba6 22. Rc1 Nd5 23. Rfc2 Ne3 24. Rc3 Nxf1 25. Kxf1 Rxc4 26. Rxc4 Rc8 27. Ke1 Bxc4 28. Bf2 b5 29. a3 a6 30. Bb6 g5 31. Rc3 Kg7 32. Kf2 Kg6 33. Kg3 Kf5 34. Re3 Bd5 35. h4 Rc2 36. hxg5 hxg5 37. Kh3 Kf4 38. g3+ Kf5 39. Bd4 Rf2 40. Rc3 Rxf3 41. Rxf3+ Bxf3 42. Bc3 Ke4 43. Kh2 Kd3 44. Bb4 Kd4 45. Kg1 Kxe5 46. Kf2 Ke4 47. Be7 g4 48. Bb4 f5 49. Bd6 Kd3 50. Bc7 Kc4 51. Ke3 Kb3 52. Bd6 a5 53. Kd2 b4 54. axb4 a4 55. b5 a3 56. Be5 a2 57. b6 Bd5 58. Kd3 f4 0-1

[Event "Rilton Cup 51st"]
[Site "Stockholm"]
[Date "2024.01.05"]
[Round "9"]
[White "Dhulipalla, Bala Chandra Prasad"]
[Black "Hedman, Erik"]
[Result "1-0"]
[WhiteElo "2396"]
[BlackElo "2323"]
[PlyCount "57"]
[EventDate "2023.12.27"]
[EventType "swiss"]
[EventRounds "9"]
[EventCountry "SWE"]
[SourceTitle "CB02_2024"]
[SourceDate "2024.01.10"]
[SourceVersion "1"]
[SourceVersionDate "2024.01.10"]
[SourceQuality "1"]

1. d4 Nf6 2. Nf3 c5 3. d5 b5 4. Bg5 g6 5. d6 exd6 6. Nc3 h6 7. Bxf6 Qxf6 8. Nxb5 Na6 9. c3 Bb7 10. e3 d5 11. Be2 Bg7 12. 0-0 0-0 13. Rb1 Qc6 14. c4 Rfc8 15. cxd5 Qb6 16. e4 Nc7 17. Nc3 d6 18. Nd2 Ba6 19. Bc4 Re8 20. Qa4 Qb4 21. Qc6 Bxc3 22. a3 Qa5 23. bxc3 Qxc3 24. Bxa6 Nxa6 25. Nf3 Qa5 26. e5 Rad8 27. exd6 Nb8 28. Qc7 Qxa3 29. Ne5 1-0

[Event "Rilton Cup 51st"]
[Site "Stockholm"]
[Date "2024.01.03"]
[Round "7"]
[White "Grahn, Vidar"]
[Black "Hedman, Erik"]
[Result "0-1"]
[WhiteElo "2274"]
[BlackElo "2323"]
[PlyCount "92"]
[EventDate "2023.12.27"]
[EventType "swiss"]
[EventRounds "9"]
[EventCountry "SWE"]
[SourceTitle "CB02_2024"]
[SourceDate "2024.01.10"]
[SourceVersion "1"]
[SourceVersionDate "2024.01.10"]
[SourceQuality "1"]

1. d4 Nf6 2. c4 e6 3. g3 c5 4. d5 exd5 5. cxd5 d6 6. Nc3 g6 7. Bg2 Bg7 8. Nf3 0-0 9. 0-0 Re8 10. Bf4 h6 11. Qc1 g5 12. Be3 Bf5 13. h4 g4 14. Nd2 Rxe3 15. fxe3 Bg6 16. Nc4 Qe7 17. Nb5 Ne8 18. e4 a6 19. Nc3 Nd7 20. a4 Nef6 21. Qf4 Nh5 22. Qxg4 Ne5 23. Nxe5 Bxe5 24. Rf5 Qd7 25. Bh3 Nf6 26. Qf3 Bxf5 27. Bxf5 Qe7 28. Kf2 h5 29. Rg1 Kf8 30. e3 b5 31. a5 Qd8 32. g4 hxg4 33. Bxg4 Ke7 34. Bh3 Qh8 35. Ke2 Qxh4 36. Rg7 Bxc3 37. bxc3 Qxe4 38. Qxe4+ Nxe4 39. Be6 Rf8 40. Kd3 Kf6 41. Rg2 Ke5 42. Bg4 c4+ 43. Kc2 Rg8 44. Bf3 Rxg2+ 45. Bxg2 Nc5 46. Bh3 f5 0-1

[Event "Rilton Cup 51st"]
[Site "Stockholm"]
[Date "2023.12.31"]
[Round "5"]
[White "Arpita, Mukherjee"]
[Black "Hedman, Erik"]
[Result "1-0"]
[WhiteElo "2160"]
[BlackElo "2323"]
[PlyCount "101"]
[EventDate "2023.12.27"]
[EventType "swiss"]
[EventRounds "9"]
[EventCountry "SWE"]
[SourceTitle "CB02_2024"]
[SourceDate "2024.01.10"]
[SourceVersion "1"]
[SourceVersionDate "2024.01.10"]
[SourceQuality "1"]

1. d4 Nf6 2. Bf4 c5 3. e3 d5 4. c3 Nc6 5. Nd2 Bf5 6. Ngf3 Qb6 7. dxc5 Qxc5 8. Qb3 Qb6 9. Qxb6 axb6 10. Bb5 Rc8 11. c4 Bd7 12. 0-0 e6 13. cxd5 exd5 14. Nb3 Be7 15. h3 0-0 16. Rfd1 h6 17. a3 Rfd8 18. Rac1 Be6 19. Nfd4 Nxd4 20. Nxd4 Ne8 21. Nxe6 Rxc1 22. Rxc1 fxe6 23. Bxe8 Rxe8 24. Be5 Bc5 25. b4 Bf8 26. Rc7 Re7 27. Rc8 Kf7 28. Bd6 Re8 29. Rc7+ Kf6 30. Bxf8 Rxf8 31. Rxb7 Ra8 32. Rxb6 Rxa3 33. g4 Rb3 34. Kg2 Kf7 35. Rb7+ Kf6 36. Rb6 Kf7 37. h4 h5 38. g5 d4 39. exd4 Rd3 40. Rb7+ Kg6 41. Rd7 Rb3 42. f3 Rxb4 43. Kg3 Ra4 44. Kf4 Rb4 45. Ke4 Rb1 46. Re7 Rh1 47. Rxe6+ Kf7 48. Kf5 Rxh4 49. g6+ Kf8 50. f4 Rh1 51. Ra6 1-0

[Event "Rilton Cup 51st"]
[Site "Stockholm"]
[Date "2023.12.30"]
[Round "4"]
[White "Hedman, Erik"]
[Black "Malek, Jan"]
[Result "0-1"]
[WhiteElo "2323"]
[BlackElo "2434"]
[PlyCount "76"]
[EventDate "2023.12.27"]
[EventType "swiss"]
[EventRounds "9"]
[EventCountry "SWE"]
[SourceTitle "CB02_2024"]
[SourceDate "2024.01.10"]
[SourceVersion "1"]
[SourceVersionDate "2024.01.10"]
[SourceQuality "1"]

1. e4 e5 2. Nf3 Nc6 3. Bc4 Nf6 4. d3 h6 5. c3 Bc5 6. b4 Be7 7. 0-0 0-0 8. Bb2 d5 9. exd5 Nxd5 10. b5 Na5 11. Bxd5 Qxd5 12. c4 Qd8 13. Nxe5 Bf6 14. Re1 Re8 15. Qf3 Qd6 16. Qg3 Bf5 17. Nd2 Qb4 18. Bd4 Qxd2 19. Nf3 Qxd3 20. Red1 Bxd4 21. Rxd3 Bxa1 22. Rd1 Bf6 23. Qxc7 b6 24. h3 Rec8 25. Qf4 Be6 26. Ne5 Bxe5 27. Qxe5 Rxc4 28. Rd3 Rc5 29. Qf4 Rxb5 30. Rg3 Kh8 31. Qd4 Rg8 32. a3 Rc5 33. Kh2 Nc6 34. Qd6 Rd8 35. Qc7 Rdd5 36. Qb7 Kh7 37. Qa8 Rd8 38. Qb7 Rd2 0-1

[Event "Rilton Cup 51st"]
[Site "Stockholm"]
[Date "2023.12.29"]
[Round "3"]
[White "Bailet, Pierre"]
[Black "Hedman, Erik"]
[Result "1/2-1/2"]
[WhiteElo "2492"]
[BlackElo "2323"]
[PlyCount "74"]
[EventDate "2023.12.27"]
[EventType "swiss"]
[EventRounds "9"]
[EventCountry "SWE"]
[SourceTitle "CB02_2024"]
[SourceDate "2024.01.10"]
[SourceVersion "1"]
[SourceVersionDate "2024.01.10"]
[SourceQuality "1"]

1. e4 c5 2. Nf3 d6 3. d4 cxd4 4. Nxd4 Nf6 5. Nc3 g6 6. Be2 Bg7 7. 0-0 0-0 8. Re1 Nc6 9. Nb3 a5 10. a4 Be6 11. Bg5 Nd7 12. Bb5 Re8 13. Qd2 Bxb3 14. cxb3 Nd4 15. Rad1 Nxb5 16. Nxb5 Nc5 17. Qc2 Qc8 18. Be3 b6 19. Bd4 Ne6 20. Bc3 Nf4 21. f3 Qc5+ 22. Qf2 Qxf2+ 23. Kxf2 Rec8 24. Rd2 Ne6 25. e5 dxe5 26. Bxe5 Rd8 27. Rxd8+ Rxd8 28. Bc3 Rd7 29. Re3 Nc5 30. Bxg7 Kxg7 31. Ke2 e6 32. g3 g5 33. Na3 Rd4 34. Nc2 Rd6 35. Na3 Rd4 36. Nc2 Rd6 37. Na3 Rd4 1/2-1/2

[Event "Rilton Cup 51st"]
[Site "Stockholm"]
[Date "2023.12.27"]
[Round "1"]
[White "Matsumura, Cocoro"]
[Black "Hedman, Erik"]
[Result "1/2-1/2"]
[WhiteElo "2073"]
[BlackElo "2323"]
[PlyCount "95"]
[EventDate "2023.12.27"]
[EventType "swiss"]
[EventRounds "9"]
[EventCountry "SWE"]
[SourceTitle "CB02_2024"]
[SourceDate "2024.01.10"]
[SourceVersion "1"]
[SourceVersionDate "2024.01.10"]
[SourceQuality "1"]

1. e4 e5 2. Nf3 Nc6 3. Bb5 a6 4. Ba4 Nf6 5. 0-0 d6 6. c3 g6 7. d4 Bd7 8. Re1 Bg7 9. Bxc6 Bxc6 10. dxe5 Nxe4 11. exd6 0-0 12. dxc7 Qxc7 13. Be3 Rad8 14. Qb3 b5 15. Bd4 Qf4 16. Be3 Qf5 17. Qc2 Nd6 18. Qxf5 Nxf5 19. Nbd2 Nxe3 20. Rxe3 b4 21. cxb4 Bxb2 22. Rae1 Bb5 23. Nb3 Ba3 24. Re4 Rfe8 25. h3 Rxe4 26. Rxe4 Bd3 27. Rf4 Bb1 28. Rd4 Rc8 29. Rd6 a5 30. Nxa5 Bxb4 31. Rc6 Rxc6 32. Nxc6 Ba3 33. Ncd4 Bxa2 34. Kh2 Bd6+ 35. Kg1 Bd5 36. Nb5 Bc5 37. Nbd4 Kg7 38. Kf1 Kf6 39. Kg1 g5 40. Ne2 Kg6 41. Ne5+ Kf5 42. Nd3 Bb6 43. g4+ Ke6 44. Ng3 Bc4 45. Ne1 Ke5 46. Nf3+ Kf4 47. Kg2 Bd8 48. Nh5+ 1/2-1/2

[Event "Sant Boi de Llobregat op 4th"]
[Site "Sant Boi de Llobregat"]
[Date "2023.11.30"]
[Round "1"]
[White "Hedman, Erik"]
[Black "Muradli, Mahammad"]
[Result "0-1"]
[WhiteElo "2323"]
[BlackElo "2550"]
[PlyCount "80"]
[EventDate "2023.11.30"]
[EventType "swiss"]
[EventRounds "9"]
[EventCountry "ESP"]
[SourceTitle "CB50_2023"]
[SourceDate "2023.12.13"]
[SourceVersion "1"]
[SourceVersionDate "2023.12.13"]
[SourceQuality "1"]

1. e4 c5 2. Nf3 d6 3. d4 cxd4 4. Nxd4 Nf6 5. Nc3 a6 6. h3 e6 7. g4 Be7 8. g5 Nfd7 9. Bg2 Nc6 10. Be3 0-0 11. h4 Nxd4 12. Qxd4 b5 13. a4 Rb8 14. axb5 axb5 15. 0-0 Ne5 16. Qd1 Nc4 17. Bc1 Qc7 18. Ne2 Bb7 19. Nd4 b4 20. b3 Na3 21. c4 d5 22. exd5 exd5 23. Nf5 Bc5 24. Bb2 Qf4 25. Nxg7 Bd6 26. Re1 d4 27. Bxb7 Rxb7 28. Nh5 Qh2+ 29. Kf1 Qh3+ 30. Ke2 Re8+ 31. Kd2 Rbe7 32. Rxe7 Bxe7 33. Qg1 Qxb3 34. Nf6+ Kh8 35. Nxe8 Qxb2+ 36. Kd3 Qc2+ 37. Kxd4 Qxc4+ 38. Ke3 Nc2+ 39. Kd2 Qc3+ 40. Ke2 Nd4+ 0-1

[Event "Fagernes Autumn op"]
[Site "Fagernes"]
[Date "2023.10.15"]
[Round "9"]
[White "Bogdanov, Artyom"]
[Black "Hedman, Erik"]
[Result "1/2-1/2"]
[WhiteElo "2270"]
[BlackElo "2326"]
[PlyCount "48"]
[EventDate "2023.10.08"]
[EventType "swiss"]
[EventRounds "9"]
[EventCountry "NOR"]
[SourceTitle "Mega2024 Update 01"]
[Source "Chessbase"]
[SourceDate "2023.11.12"]
[SourceVersion "1"]
[SourceVersionDate "2023.11.12"]
[SourceQuality "1"]

1. e4 c5 2. Nf3 e6 3. b3 b6 4. Bb2 Bb7 5. Nc3 Nc6 6. g3 Nd4 7. Bg2 Nxf3+ 8. Bxf3 Ne7 9. 0-0 a6 10. Bg2 Rc8 11. e5 Bxg2 12. Kxg2 Qc7 13. f4 h5 14. Ne4 Nf5 15. c4 Qc6 16. Qf3 Be7 17. Rad1 0-0 18. d4 cxd4 19. Bxd4 Rfd8 20. Bf2 d5 21. exd6 Nxd6 22. Nxd6 Rxd6 23. Rxd6 Bxd6 24. Rd1 Kf8 1/2-1/2

[Event "Fagernes Autumn op"]
[Site "Fagernes"]
[Date "2023.10.13"]
[Round "7"]
[White "Chinguun, Bayaraa"]
[Black "Hedman, Erik"]
[Result "1/2-1/2"]
[WhiteElo "2206"]
[BlackElo "2326"]
[PlyCount "153"]
[EventDate "2023.10.08"]
[EventType "swiss"]
[EventRounds "9"]
[EventCountry "NOR"]
[SourceTitle "Mega2024 Update 01"]
[Source "Chessbase"]
[SourceDate "2023.11.12"]
[SourceVersion "1"]
[SourceVersionDate "2023.11.12"]
[SourceQuality "1"]

1. d4 Nf6 2. Nf3 g6 3. g3 Bg7 4. Bg2 c5 5. c3 Na6 6. 0-0 0-0 7. Nbd2 cxd4 8. cxd4 d5 9. Qb3 Bf5 10. Nb1 Qb6 11. Qxb6 axb6 12. Bd2 Ne4 13. Nc3 Nb4 14. Nxe4 dxe4 15. Bxb4 exf3 16. Bxf3 Bxd4 17. Bxe7 Rfe8 18. Ba3 Rxa3 19. bxa3 Bxa1 20. Rxa1 Be4 21. Kg2 Bxf3+ 22. exf3 Ra8 23. Rb1 Rxa3 24. Rxb6 Rxa2 25. Rxb7 Kg7 26. f4 h5 27. h3 Kf6 28. Rb5 Rc2 29. g4 hxg4 30. hxg4 Ra2 31. Re5 Rb2 32. Kg3 Ra2 33. g5+ Kg7 34. Re4 Rb2 35. Kf3 Ra2 36. Rd4 Ra5 37. Rd6 Ra3+ 38. Kg4 Ra2 39. f3 Rg2+ 40. Kh3 Rg1 41. Rf6 Rf1 42. Kg2 Ra1 43. Rb6 Ra2+ 44. Kg3 Ra1 45. Rb5 Rg1+ 46. Kh2 Rf1 47. Kg2 Ra1 48. Rd5 Rb1 49. Kf2 Ra1 50. Rd3 Rb1 51. Rc3 Ra1 52. Ke3 Re1+ 53. Kd4 Ra1 54. Rd3 Rb1 55. Ke4 Rg1 56. Rb3 Rg2 57. Ke3 Kg8 58. Rc3 Kg7 59. Rd3 Kg8 60. Ke4 Kg7 61. Rd5 Re2+ 62. Kd3 Rf2 63. Ke3 Rg2 64. Rd6 Kg8 65. Kd4 Kg7 66. Ke3 Kg8 67. Ke4 Re2+ 68. Kd4 Kg7 69. f5 gxf5 70. Rf6 Re1 71. Rxf5 Kg6 72. Ra5 f6 73. gxf6 Kxf6 74. f4 Rd1+ 75. Ke4 Re1+ 76. Kd4 Rd1+ 77. Ke4 1/2-1/2

[Event "Fagernes Autumn op"]
[Site "Fagernes"]
[Date "2023.10.12"]
[Round "6"]
[White "Lohia, Sohum"]
[Black "Hedman, Erik"]
[Result "0-1"]
[WhiteElo "2177"]
[BlackElo "2326"]
[PlyCount "124"]
[EventDate "2023.10.08"]
[EventType "swiss"]
[EventRounds "9"]
[EventCountry "NOR"]
[SourceTitle "Mega2024 Update 01"]
[Source "Chessbase"]
[SourceDate "2023.11.12"]
[SourceVersion "1"]
[SourceVersionDate "2023.11.12"]
[SourceQuality "1"]

1. e4 e5 2. Nf3 Nc6 3. Bb5 a6 4. Ba4 Nf6 5. 0-0 d6 6. c3 Bd7 7. d3 g6 8. Nbd2 Bg7 9. Re1 0-0 10. Nf1 h6 11. h3 Kh8 12. d4 Qe8 13. Bc2 Nh7 14. Be3 f5 15. exf5 gxf5 16. dxe5 dxe5 17. Bc5 Rg8 18. Ng3 Rd8 19. Qe2 e4 20. Nh4 b6 21. Be3 Ne7 22. Nh5 Be5 23. Bf4 Nd5 24. Bxe5+ Qxe5 25. Bb3 Nf4 26. Nxf4 Qxf4 27. Bxg8 Rxg8 28. Qh5 Qg5 29. Qxg5 hxg5 30. Rad1 Bc8 31. Nxf5 Bxf5 32. f3 Nf6 33. fxe4 Bxe4 34. Rd4 Re8 35. Kf2 Kg7 36. Kg3 Kg6 37. h4 Re5 38. hxg5 Rxg5+ 39. Kf4 Bxg2 40. Rg1 c6 41. c4 Nh5+ 42. Ke3 Kf5 43. Rd8 Nf6 44. Ra8 Rg3+ 45. Kd2 Ne4+ 46. Kc1 Nc5 47. b3 b5 48. cxb5 axb5 49. Kb2 Ke5 50. Re8+ Kd4 51. Re2 Nd3+ 52. Ka1 Nf4 53. Rf2 Ke3 54. Rc2 Ne2 55. Re1 Bf3 56. Kb2 Rg2 57. Ka3 Kd3 58. Kb2 Be4 59. Rd1+ Ke3 60. Rcd2 c5 61. Ka3 Nc3 62. Rxg2 b4+ 0-1

[Event "Fagernes Autumn op"]
[Site "Fagernes"]
[Date "2023.10.11"]
[Round "4"]
[White "Roulet Dubonnet, Emerik Vapenstad"]
[Black "Hedman, Erik"]
[Result "1/2-1/2"]
[WhiteElo "2164"]
[BlackElo "2326"]
[PlyCount "27"]
[EventDate "2023.10.08"]
[EventType "swiss"]
[EventRounds "9"]
[EventCountry "NOR"]
[SourceTitle "Mega2024 Update 01"]
[Source "Chessbase"]
[SourceDate "2023.11.12"]
[SourceVersion "1"]
[SourceVersionDate "2023.11.12"]
[SourceQuality "1"]

1. c4 e6 2. g3 d5 3. Nf3 c5 4. cxd5 exd5 5. d4 Nf6 6. Bg2 Nc6 7. 0-0 Be7 8. dxc5 Bxc5 9. a3 Ne4 10. Nfd2 0-0 11. Nxe4 dxe4 12. Qxd8 Rxd8 13. Bxe4 Bg4 14. Nc3 1/2-1/2

[Event "Fagernes op-A"]
[Site "Fagernes"]
[Date "2023.04.04"]
[Round "3"]
[White "Rasmussen, Jonas H"]
[Black "Hedman, Erik"]
[Result "0-1"]
[WhiteElo "1976"]
[BlackElo "2323"]
[PlyCount "82"]
[EventDate "2023.04.02"]
[EventType "swiss"]
[EventRounds "9"]
[EventCountry "NOR"]
[SourceTitle "CBM 213 Extra"]
[Source "ChessBase"]
[SourceDate "2023.05.31"]
[SourceVersion "1"]
[SourceVersionDate "2023.05.31"]
[SourceQuality "1"]

1. d4 Nf6 2. Nf3 g6 3. c4 Bg7 4. Nc3 0-0 5. g3 d6 6. Bg2 c5 7. 0-0 Nc6 8. h3 cxd4 9. Nxd4 Nxd4 10. Qxd4 Be6 11. Qd3 Qc8 12. Nd5 Nxd5 13. Bxd5 Bxd5 14. Qxd5 Qxh3 15. Qxb7 Qe6 16. Re1 Rfb8 17. Qc6 Rc8 18. Qb7 Bf6 19. Be3 Rab8 20. Qxa7 Bxb2 21. Rab1 Ra8 22. Qb7 Bf6 23. c5 dxc5 24. Bxc5 Rxa2 25. Rb6 Qf5 26. Be3 h5 27. Rb5 Qh3 28. Qg2 Qg4 29. Qf3 Qc4 30. Rbb1 Qa6 31. Bf4 Rcc2 32. Qd5 Rxe2 33. Rf1 Reb2 34. Rxb2 Rxb2 35. Rc1 Qe2 36. Be3 Rb8 37. Bf4 Qb5 38. Qd2 Ra8 39. Be3 Qf5 40. Bd4 Rd8 41. Rc4 Qd5 0-1

[Event "Fagernes op-A"]
[Site "Fagernes"]
[Date "2023.04.03"]
[Round "2"]
[White "Hedman, Erik"]
[Black "Ohanyan, Emin"]
[Result "0-1"]
[WhiteElo "2323"]
[BlackElo "2434"]
[PlyCount "62"]
[EventDate "2023.04.02"]
[EventType "swiss"]
[EventRounds "9"]
[EventCountry "NOR"]
[SourceTitle "CBM 213 Extra"]
[Source "ChessBase"]
[SourceDate "2023.05.31"]
[SourceVersion "1"]
[SourceVersionDate "2023.05.31"]
[SourceQuality "1"]

1. e4 c5 2. Nf3 e6 3. d4 cxd4 4. Nxd4 Nf6 5. Nc3 Nc6 6. a3 Be7 7. Nxc6 bxc6 8. e5 Nd5 9. Qg4 Kf8 10. Qf3 Qc7 11. Qg3 f5 12. exf6 Bxf6 13. Nxd5 Qxg3 14. hxg3 cxd5 15. g4 g6 16. g5 Bg7 17. Rh4 a5 18. Bb5 Ke7 19. a4 Ba6 20. Ra3 Bxb5 21. axb5 Rhb8 22. Rxh7 Kf8 23. Rah3 d6 24. b3 Kg8 25. Ba3 Rxb5 26. Bxd6 Re8 27. R7h4 d4 28. Bf4 Rc8 29. Kd1 Rbc5 30. Rh7 e5 31. Bh2 e4 0-1

[Event "EU-Cup 37th"]
[Site "Mayrhofen"]
[Date "2022.10.09"]
[Round "7.5"]
[White "Hedman, Erik"]
[Black "Forcen Esteban, Daniel"]
[Result "0-1"]
[WhiteElo "2322"]
[BlackElo "2566"]
[PlyCount "68"]
[EventDate "2022.10.03"]
[EventType "team-swiss"]
[EventRounds "7"]
[EventCountry "AUT"]
[SourceTitle "CBM 210 Extra"]
[Source "ChessBase"]
[SourceDate "2022.11.30"]
[SourceVersion "1"]
[SourceVersionDate "2022.11.30"]
[SourceQuality "1"]
[WhiteTeam "Umea Rockaden"]
[BlackTeam "Silla Valencia"]
[WhiteTeamCountry "SWE"]
[BlackTeamCountry "ESP"]

1. Nf3 d5 2. g3 Nf6 3. Bg2 e6 4. 0-0 Be7 5. d3 0-0 6. Nbd2 c5 7. e4 Nc6 8. Re1 b5 9. a4 bxa4 10. exd5 exd5 11. Rxa4 Qb6 12. h3 Re8 13. Nf1 Bd7 14. Ra1 Bf8 15. Rxe8 Rxe8 16. Ne3 Bc8 17. Nd2 Be6 18. Ra4 Rd8 19. Kh2 Bd6 20. Ra1 Bb8 21. Nf3 h6 22. Nh4 c4 23. dxc4 dxc4 24. Qf3 Nd4 25. Qb7 Qc5 26. Nf3 Nxc2 27. Ra4 Bxg3+ 28. fxg3 Nxe3 29. Qxa7 Neg4+ 30. hxg4 Nxg4+ 31. Kh3 Qh5+ 32. Nh4 Ne3+ 33. Kh2 Nxg2 34. Qa5 Rd5 0-1

[Event "EU-Cup 37th"]
[Site "Mayrhofen"]
[Date "2022.10.05"]
[Round "3.5"]
[White "Hedman, Erik"]
[Black "Kazdagli, Benan"]
[Result "1-0"]
[WhiteElo "2322"]
[BlackElo "2005"]
[PlyCount "83"]
[EventDate "2022.10.03"]
[EventType "team-swiss"]
[EventRounds "7"]
[EventCountry "AUT"]
[SourceTitle "CBM 210 Extra"]
[Source "ChessBase"]
[SourceDate "2022.11.30"]
[SourceVersion "1"]
[SourceVersionDate "2022.11.30"]
[SourceQuality "1"]
[WhiteTeam "Umea Rockaden"]
[BlackTeam "Denizsu Aquamatch"]
[WhiteTeamCountry "SWE"]
[BlackTeamCountry "TUR"]

1. Nf3 Nf6 2. g3 g6 3. b3 Bg7 4. Bb2 0-0 5. Bg2 c5 6. c4 Nc6 7. 0-0 d6 8. Nc3 Bg4 9. h3 Bf5 10. d3 Bd7 11. e3 Re8 12. Qd2 Qa5 13. d4 cxd4 14. exd4 Rac8 15. d5 Nd8 16. Rad1 a6 17. Nd4 e5 18. dxe6 fxe6 19. Nc2 Bc6 20. Qxd6 Bxg2 21. Kxg2 Nc6 22. b4 Qh5 23. c5 Ne5 24. Ne3 Qf3+ 25. Kh2 Ne4 26. Nxe4 Qxe4 27. Bxe5 Bxe5 28. Qd2 Bc7 29. Ng4 Rf8 30. Qc3 e5 31. Rde1 Qd4 32. Qxd4 exd4 33. f4 Kf7 34. Kg2 b6 35. cxb6 Bxb6 36. Ne5+ Kg7 37. Nd7 Rc2+ 38. Rf2 Rc6 39. Re7+ Kg8 40. Nxf8 d3 41. Re6 Bxf2 42. Rxc6 1-0

[Event "Norrkoeping Easter op"]
[Site "Norrkoeping"]
[Date "2022.04.18"]
[Round "8"]
[White "Hedman, Erik"]
[Black "Crevatin, Leo"]
[Result "1/2-1/2"]
[WhiteElo "2362"]
[BlackElo "2227"]
[PlyCount "43"]
[EventDate "2022.04.15"]
[EventType "swiss"]
[EventRounds "8"]
[EventCountry "SWE"]
[SourceTitle "CBM 207 Extra"]
[Source "ChessBase"]
[SourceDate "2022.05.31"]
[SourceVersion "1"]
[SourceVersionDate "2022.05.31"]
[SourceQuality "1"]

1. Nf3 d5 2. g3 Bg4 3. Bg2 Nd7 4. h3 Bh5 5. 0-0 c6 6. d3 e5 7. Qe1 Ngf6 8. e4 dxe4 9. dxe4 Bc5 10. Nh4 0-0 11. a4 a5 12. Nd2 Re8 13. Nf5 Bg6 14. Nb3 Bf8 15. Bd2 b6 16. Rd1 Qc7 17. Qe2 Rad8 18. Qc4 Nc5 19. Bg5 Rxd1 20. Rxd1 Rd8 21. Re1 Ncd7 22. Rd1 1/2-1/2

[Event "Norrkoeping Easter op"]
[Site "Norrkoeping"]
[Date "2022.04.17"]
[Round "6"]
[White "Ter Avetisjana, Agnesa Stepania"]
[Black "Hedman, Erik"]
[Result "1/2-1/2"]
[WhiteElo "1865"]
[BlackElo "2362"]
[PlyCount "133"]
[EventDate "2022.04.15"]
[EventType "swiss"]
[EventRounds "8"]
[EventCountry "SWE"]
[SourceTitle "CBM 207 Extra"]
[Source "ChessBase"]
[SourceDate "2022.05.31"]
[SourceVersion "1"]
[SourceVersionDate "2022.05.31"]
[SourceQuality "1"]

1. e4 d6 2. d4 Nf6 3. Bd3 e5 4. c3 d5 5. dxe5 Nxe4 6. Nf3 Nc5 7. Bc2 Bg4 8. 0-0 Nc6 9. Re1 Be7 10. b4 Ne6 11. Bb3 d4 12. b5 Na5 13. Bxe6 fxe6 14. Qxd4 Bxf3 15. gxf3 Qxd4 16. cxd4 a6 17. b6 cxb6 18. Be3 b5 19. Nd2 0-0 20. Rec1 Ba3 21. Rc7 Rac8 22. Rd7 Rf7 23. Rxf7 Kxf7 24. Ne4 Nc4 25. Rd1 h6 26. Rd3 Be7 27. f4 Nb6 28. f5 exf5 29. Ng3 Ke6 30. Nh5 g5 31. Ng7+ Kd5 32. Nxf5 Bf8 33. Rd1 Ke6 34. Ng3 Rc2 35. Rd2 Rxd2 36. Bxd2 Nc4 37. Be3 a5 38. Kf1 b4 39. Ke2 a4 40. Kd3 b5 41. Ne2 Kf5 42. h3 Be7 43. Ng3+ Kg6 44. Ne4 h5 45. Nd2 Nb6 46. Ke4 Nc4 47. d5 Nxe3 48. fxe3 b3 49. axb3 a3 50. b4 Bxb4 51. Nb3 a2 52. d6 g4 53. hxg4 hxg4 54. Kf4 g3 55. d7 Be7 56. Kxg3 Kf5 57. Kf3 Kxe5 58. e4 Bf6 59. Ke3 Ke6 60. d8Q Bxd8 61. Kd4 b4 62. Kc4 Be7 63. Nd4+ Ke5 64. Nc2 Kxe4 65. Kb3 Kd3 66. Nxb4+ Bxb4 67. Kxa2 1/2-1/2

[Event "SWE-chT 2122 Elite"]
[Site "Sweden"]
[Date "2022.03.18"]
[Round "9.3"]
[White "Hedman, Erik"]
[Black "Olofsson Dolk, Mattis"]
[Result "0-1"]
[WhiteElo "2368"]
[BlackElo "2182"]
[PlyCount "78"]
[EventDate "2021.12.03"]
[EventType "team-tourn"]
[EventRounds "9"]
[EventCountry "SWE"]
[SourceTitle "EXT 2023"]
[Source "ChessBase"]
[SourceDate "2022.10.05"]
[SourceVersion "1"]
[SourceVersionDate "2022.10.05"]
[SourceQuality "1"]
[WhiteTeam "Stockholm Rockaden"]
[BlackTeam "Vaxjo"]
[WhiteTeamCountry "SWE"]
[BlackTeamCountry "SWE"]

1. Nf3 c5 2. g3 d5 3. Bg2 Nf6 4. 0-0 e6 5. d3 Be7 6. Nbd2 Nc6 7. e4 b6 8. Re1 Bb7 9. b3 0-0 10. Bb2 Qc7 11. Qe2 Rad8 12. e5 Nd7 13. h4 b5 14. h5 Ba6 15. h6 g6 16. Nf1 c4 17. Ne3 Qb6 18. Ng4 b4 19. Rad1 Nc5 20. Qe3 cxd3 21. cxd3 Qa5 22. Rd2 Rc8 23. Rc1 Qb6 24. Bf1 Bb7 25. Qf4 Nd7 26. Rdc2 a5 27. Bh3 Ba6 28. Ne3 Bxd3 29. Nxd5 exd5 30. Bxd7 Bxc2 31. Bxc8 Be4 32. Bh3 Nd8 33. Ng5 Ne6 34. Nxe6 fxe6 35. Qe3 Qxe3 36. Bxe6+ Kh8 37. fxe3 Bg5 38. Bf7 Bxe3+ 39. Kh2 Bxc1 0-1